000 00298 a2200145 4500
001 167542
020 _a
040 _cMagnum
100 _aDaolio, Jocimar
240 1 0 _aDa cultura do corpo
_lpor
245 1 0 _aDa cultura do corpo
362 0 _a1899
697 _aEDUCACAO FISICA
942 _cBK
999 _c167542
_d167542